Public law in East Africa / (Record no. 36472)

MARC details
000 -LEADER
fixed length control field 00856cam a22002534a 4500
001 - CONTROL NUMBER
control field 15881231
005 - DATE AND TIME OF LATEST TRANSACTION
control field 20170824155135.0
008 - FIXED-LENGTH DATA ELEMENTS--GENERAL INFORMATION
fixed length control field 090826s2009 ke b 001 0 eng
010 ## - LIBRARY OF CONGRESS CONTROL NUMBER
LC control number 2009349927
020 ## - INTERNATIONAL STANDARD BOOK NUMBER
International Standard Book Number 9966723757
040 ## - CATALOGING SOURCE
Original cataloging agency DLC
Transcribing agency DLC
042 ## - AUTHENTICATION CODE
Authentication code lcode
043 ## - GEOGRAPHIC AREA CODE
Geographic area code fe-----
050 00 - LIBRARY OF CONGRESS CALL NUMBER
Classification number KQC510
Item number .S68 2009
100 1# - MAIN ENTRY--PERSONAL NAME
Personal name Ssekaana, Musa.
245 10 - TITLE STATEMENT
Title Public law in East Africa /
Statement of responsibility, etc Ssekaana Musa.
260 ## - PUBLICATION, DISTRIBUTION, ETC. (IMPRINT)
Place of publication, distribution, etc Nairobi, Kenya :
Name of publisher, distributor, etc LawAfrica,
Date of publication, distribution, etc c2010
300 ## - PHYSICAL DESCRIPTION
Extent xlvii, 285 p. ;
Dimensions 21 cm.
504 ## - BIBLIOGRAPHY, ETC. NOTE
Bibliography, etc Includes bibliographical references (p. [271]-274) and index.
650 #0 - SUBJECT ADDED ENTRY--TOPICAL TERM
Topical term or geographic name as entry element Public law
Geographic subdivision Africa, East.
906 ## - LOCAL DATA ELEMENT F, LDF (RLIN)
a 7
b cbc
c origode
d 2
e ncip
f 20
g y-gencatlg
942 ## - ADDED ENTRY ELEMENTS (KOHA)
Source of classification or shelving scheme Library of Congress Classification
Item type Book
Holdings
Withdrawn status Lost status Source of classification or shelving scheme Damaged status Not for loan Collection code Home library Current library Shelving location Date acquired Source of acquisition Total Checkouts Full call number Barcode Date last borrowed Copy number Price effective from Koha item type Cost, normal purchase price
    Library of Congress Classification     Non-fiction Bishop Okullu Memorial Library (Limuru Campus) Bishop Okullu Memorial Library (Limuru Campus) General Circulation 24/06/2010 Purchase 4 KQC510 .S68 2010 020209 21/11/2018 1 24/06/2010 Book  
    Library of Congress Classification     Non-fiction Bishop Okullu Memorial Library (Limuru Campus) Bishop Okullu Memorial Library (Limuru Campus) General Circulation 23/02/2015 Purchase   KQC510 .S68 2010 042761   2 23/02/2015 Book 2668.00
    Library of Congress Classification     Non-fiction Nairobi Campus Nairobi Campus General Circulation 23/02/2015 Purchase 2 KQC510 .S68 2010 042762 21/07/2021 3 23/02/2015 Book 2668.00
    Library of Congress Classification     Non-fiction Nairobi Campus Nairobi Campus General Circulation 16/06/2017 Donations- BFA   KQC510 .S68 2010 053896   4 16/06/2017 Book 2250.00
    Library of Congress Classification     Non-fiction Nairobi Campus Nairobi Campus General Circulation 16/06/2017 Donations- BFA   KQC510 .S68 2010 053897   5 16/06/2017 Book 2250.00
    Library of Congress Classification     Non-fiction Nairobi Campus Nairobi Campus General Circulation 16/06/2017 Donations- BFA   KQC510 .S68 2010 053898   6 16/06/2017 Book 2250.00